Podniková organizace v průmyslu

Guardado en:
Detalles Bibliográficos
Formato: Seriadas
Lenguaje:checo
Publicado: Praha SNTL
Etiquetas: Agregar Etiqueta
Sin Etiquetas, Sea el primero en etiquetar este registro!

MARC

LEADER 00000nas1a22000001 4500
001 0017811
005 20231103105018.7
041 0 |a cze 
044 |a CZ 
245 1 0 |a Podniková organizace v průmyslu 
264 1 |a Praha  |b SNTL